[Event "DSOL 05 Liga Gr-A 1st"]
[Site "Playchess.com INT"]
[Date "2020.06.24"]
[Round "1.2"]
[White "Stadler, Wolfgang"]
[Black "Grimm, Jens"]
[Result "1-0"]
[WhiteElo "1863"]
[BlackElo "1716"]
[PlyCount "153"]
[EventDate "2020.06.22"]
[EventType "team-tourn (rapid)"]
[EventCountry "GER"]
[SourceTitle "EXT 2021"]
[Source "ChessBase"]
[SourceDate "2020.10.23"]
[SourceVersion "1"]
[SourceVersionDate "2020.10.23"]
[SourceQuality "1"]
[WhiteTeam "Muenchen Suedost"]
[BlackTeam "Kaltenkirchen"]
[WhiteTeamCountry "GER"]
[BlackTeamCountry "GER"]

1. e4 Nf6 2. e5 Nd5 3. d4 d6 4. c4 Nb6 5. exd6 cxd6 6. Nc3 Nc6 7. Be3 Bf5 8. Nf3 e5 9. d5 Nb4 10. Rc1 Be7 11. a3 Na6 12. Be2 0-0 13. 0-0 Nd7 14. Bd3 Bg6 15. Bxg6 hxg6 16. Nb5 b6 17. Qd2 Nac5 18. Qc2 f5 19. Nc3 g5 20. h3 Rc8 21. Nb5 Ra8 22. Nd2 a6 23. Nc3 Rc8 24. f3 Nb7 25. b4 g6 26. g4 Kg7 27. Kg2 Nf6 28. Qa4 f4 29. Bf2 a5 30. Qb5 axb4 31. axb4 Nd7 32. Nce4 Qc7 33. Ra1 Ra8 34. Ra6 Rxa6 35. Qxa6 Rb8 36. Ra1 Kf7 37. Qb5 Kg7 38. Ra6 Nd8 39. Qa4 Kf7 40. Qb5 Kg7 41. Nc3 Kf7 42. Na4 Kg7 43. Bxb6 Nxb6 44. Rxb6 Rxb6 45. Qxb6 Qd7 46. Qa5 Nb7 47. Qa7 Bd8 48. Ne4 Kh6 49. Nxd6 Qxd6 50. Qxb7 Be7 51. c5 Qf6 52. d6 Bxd6 53. cxd6 Qxd6 54. Qb5 Qd2+ 55. Kf1 Qd1+ 56. Kf2 Qd2+ 57. Qe2 Qxb4 58. Nb2 Qd4+ 59. Kg2 Qc3 60. Nd3 e4 61. Qxe4 Qc2+ 62. Nf2 Qb2 63. Qe7 Qb8 64. h4 gxh4 65. Qxh4+ Kg7 66. g5 Qd6 67. Qh6+ Kg8 68. Qh4 Qe5 69. Ne4 Qb2+ 70. Qf2 Qe5 71. Qb6 Qf5 72. Qd8+ Kg7 73. Qe7+ Qf7 74. Qxf7+ Kxf7 75. Kh3 Ke6 76. Kg4 Ke5 77. Nf2 1-0